| 000 | 00703nam a2200217 a 4500 | ||
|---|---|---|---|
| 005 | 20250408063808.0 | ||
| 008 | 991125s2000 mx 000 0 spa u | ||
| 020 | _a9684134010 | ||
| 035 | _aUPN01000140643 | ||
| 049 | _aCG | ||
| 050 | 4 |
_aPQ6613 A7.63 _bB6.3b |
|
| 100 | 1 |
_aGarcía Lorca, Federico, _d1898-1936 |
|
| 245 | 1 | 0 |
_aBodas de sangre / _cFederico García Lorca ; introd. Fernando Lázaro Carreter. |
| 260 |
_aMéxico : _bEspasa-Calpe, _c2000. |
||
| 300 | _a172 p. | ||
| 440 | 0 | _aAustral | |
| 650 | 4 |
_aLiteratura española _ySiglo XX _95886 |
|
| 650 | 4 |
_aDRAMA ESPAÑOL (TRAGEDIA) _916513 |
|
| 600 | 1 | 4 |
_aGARCIA LORCA, FEDERICO, _d1898-1936 - _xCRITICA E INTERPRETACION _97728 |
| 905 | _aLibro | ||
| 999 |
_c112791 _d112791 |
||